Strategic planning and decision making in state departments of transportation : (Record no. 529814)

000 -LEADER
fixed length control field 02192cam a2200457 a 4500
001 - CONTROL NUMBER
control field 13460437
003 - CONTROL NUMBER IDENTIFIER
control field NUST
005 - DATE AND TIME OF LATEST TRANSACTION
control field 20191003125130.0
008 - FIXED-LENGTH DATA ELEMENTS--GENERAL INFORMATION
fixed length control field 040116s2004 dcuadk bt 001 0 eng d
010 ## - LIBRARY OF CONGRESS CONTROL NUMBER
LC control number 2004100657
020 ## - INTERNATIONAL STANDARD BOOK NUMBER
International Standard Book Number 0309070015 (pbk.)
035 ## - SYSTEM CONTROL NUMBER
System control number (OCoLC)ocm54983737
038 ## - RECORD CONTENT LICENSOR
Staff Name MSOHAIL
040 ## - CATALOGING SOURCE
Original cataloging agency TRL
Transcribing agency TRL
Modifying agency DAY
-- DLC
042 ## - AUTHENTICATION CODE
Authentication code lccopycat
043 ## - GEOGRAPHIC AREA CODE
Geographic area code n-us---
050 00 - LIBRARY OF CONGRESS CALL NUMBER
Classification number HE206.2
Item number .P653 2004
082 00 - DEWEY DECIMAL CLASSIFICATION NUMBER
Classification number 354.762342130973
Edition number 22
100 1# - MAIN ENTRY--PERSONAL NAME
Personal name Poister, Theodore H.
9 (RLIN) 21830
245 10 - TITLE STATEMENT
Title Strategic planning and decision making in state departments of transportation :
Remainder of title a synthesis of highway practice /
Statement of responsibility, etc. consultant, Theordore H. Poister.
260 ## - PUBLICATION, DISTRIBUTION, ETC.
Place of publication, distribution, etc. Washington, D.C. :
Name of publisher, distributor, etc. Transportation Research Board,
Date of publication, distribution, etc. 2004.
300 ## - PHYSICAL DESCRIPTION
Extent 62 p. :
Other physical details ill., charts, forms ;
Dimensions 28 cm.
490 1# - SERIES STATEMENT
Series statement NCHRP synthesis,
International Standard Serial Number 0547-5570 ;
Volume/sequential designation 326
500 ## - GENERAL NOTE
General note At head of title: National Cooperative Highway Research Program.
500 ## - GENERAL NOTE
General note "Research sponsored by the American Association of State Highway and Transportation Officials in cooperation with the Federal Highway Administration."
504 ## - BIBLIOGRAPHY, ETC. NOTE
Bibliography, etc. note Includes bibliographical references (p. 52-53).
530 ## - ADDITIONAL PHYSICAL FORM AVAILABLE NOTE
Additional physical form available note Also available online (requires Adobe Acrobat Reader for viewing).
650 #0 - SUBJECT ADDED ENTRY--TOPICAL TERM
Topical term or geographic name entry element State transportation agencies
Geographic subdivision United States
General subdivision States.
9 (RLIN) 22683
650 #0 - SUBJECT ADDED ENTRY--TOPICAL TERM
Topical term or geographic name entry element Highway departments
Geographic subdivision United States
General subdivision States.
9 (RLIN) 22684
650 #0 - SUBJECT ADDED ENTRY--TOPICAL TERM
Topical term or geographic name entry element Transportation
Geographic subdivision United States
General subdivision States
-- Planning.
9 (RLIN) 22685
650 #0 - SUBJECT ADDED ENTRY--TOPICAL TERM
Topical term or geographic name entry element Transportation and state
Geographic subdivision United States
General subdivision States.
9 (RLIN) 21440
710 2# - ADDED ENTRY--CORPORATE NAME
Corporate name or jurisdiction name as entry element National Cooperative Highway Research Program.
9 (RLIN) 20864
710 2# - ADDED ENTRY--CORPORATE NAME
Corporate name or jurisdiction name as entry element American Association of State Highway and Transportation Officials.
9 (RLIN) 19553
710 2# - ADDED ENTRY--CORPORATE NAME
Corporate name or jurisdiction name as entry element National Research Council (U.S.).
Subordinate unit Transportation Research Board.
9 (RLIN) 22686
830 #0 - SERIES ADDED ENTRY--UNIFORM TITLE
Uniform title Synthesis of highway practice ;
Volume/sequential designation 326.
9 (RLIN) 22687
856 41 - ELECTRONIC LOCATION AND ACCESS
Uniform Resource Identifier <a href="http://gulliver.trb.org/publications/nchrp/nchrp_syn_326.pdf">http://gulliver.trb.org/publications/nchrp/nchrp_syn_326.pdf</a>
906 ## - LOCAL DATA ELEMENT F, LDF (RLIN)
a 7
b cbc
c copycat
d 2
e epcn
f 20
g y-gencatlg
942 ## - ADDED ENTRY ELEMENTS (KOHA)
Source of classification or shelving scheme
Koha item type Book
Holdings
Withdrawn status Lost status Source of classification or shelving scheme Damaged status Not for loan Permanent Location Current Location Date acquired Total Checkouts Full call number Barcode Date last seen Price effective from Koha item type
          School of Civil and Environmental Engineering (SCEE) School of Civil and Environmental Engineering (SCEE) 10/03/2019   354.762342130973 NIT-11136 10/03/2019 10/03/2019 Book
© 2023 Central Library, National University of Sciences and Technology. All Rights Reserved.